Busiest metro stations in Paris - Statistics

General Stats
  • This quiz has been taken 454 times
  • The average score is 7 of 10
Answer Stats
Passengers annually Station % Correct
14 119 000 Chatelet
95%
49 721 000 Gare du Nord
93%
20 019 000 Gare de l'Est
87%
34 971 000 Gare de Lyon
86%
31 454 000 Montparnasse-Bienvenue
79%
45 666 000 Saint-Lazare
72%
16 670 000 République
61%
13 969 000 La Défense
52%
13 187 000 Bastille
47%
15 866 000 Bibliothèque
14%
No matching quizzes found
Score Distribution
Percent of People with Each Score
Percentile by Number Answered
Your Score History
You have not taken this quiz